000 00313nam a2200121 a 4500
005 20141022141959.0
008 080909s19uu xx 00 eng d
050 _aVHS
_bAJN1 2003
245 _aAJN: Examination of the peripheral pulses.
650 _aVHS Nursing.
650 _aPeripheral pulses.
942 _cAVM
999 _c276187
_d276187